000 01261nam a2200229Ia 4500
001 L858-37630
003 IT-CnALBA
008 170116s9999||||xx |||||||||||||| ||und||
040 _aIT-CnALBA
_cIT-CnALBA
041 _aITALIANO
100 _aDOLCI GIULIO
245 0 _aLA VOCE D'ITALIA NEI SECOLI. ANTOLOGIA DELLA LETTERATURA ITALIANA. VOL. I. TOMO II.
250 _a1a ed.
260 _a MI BO NA
_bLA PRORA C. ED. DI LOCATELLI
_c1959 [1° Ed.:1959 - Ed.Ling.Originale: 1959]
300 _a596 p.
500 _aDAL BOCCACCIO AL POLIZIANO. BOCCACCIO MINORE. PAPINI. FILOCOLO, FILOSTRATO, FIAMMETTA. DECAMERON, CROCE. LIRICI MINORI E NARRATORI DEL TRECENTO. SACCHETTI F. PUCCI A. ANDREA DA BARBERINO. LETTERATURA RELIGIOSA. FIORETTI DI S. FRANCESCO. CAVALCA D. SANTA C
501 _aSocietà San Paolo EM - Piazza San Paolo, 14 - 12051 ALBA (CN) (non commercial uses only) ® Copyright 2017
520 _aDAL BOCCACCIO AL POLIZIANO. BOCCACCIO MINORE. PAPINI. FILOCOLO, FILOSTRATO, FIAMMETTA. DECAMERON, CROCE. LIRICI MINORI E NARRATORI DEL TRECENTO. SACCHETTI F. PUCCI A. ANDREA DA BARBERINO. LETTERATURA RELIGIOSA. FIORETTI DI S. FRANCESCO. CAVALCA D. SANTA C
650 _aMISCELLANEA E ANTOLOGIE ITALIANE
942 _cBK
957 _71
999 _a42402
_bNO
_g Copie: 1
_c296437
_d296437